MDQL
is popping MORE tags! Check the
thread
!
Quizzes
Events
Quiz Creation
Community
Videos
Private Events
Remove Ads
Sign In
Join for FREE
Feedback
Dark Mode
Quiz Categories
Sports
Geography
Music
Movies
Television
Just For Fun
Miscellaneous
History
Literature
Language
Science
Gaming
Entertainment
Religion
Holiday
For Kids
Quiz Lab
Recent
Popular Today
Quiz Kudos Today
Editor Picks
Curator Picks
Quizzes by...
Day
Popularity
Type
Ratings
Length
Year
Community
Subscriptions
Recent Discussions
Orange Saloon
Badges
Playlists
Quests
Create
Leaderboards
Showdown
Live 5
Trivia Bingo
Activity
Puzzle Library
Sporcle Events
Private Events
Virtual Trivia
Globe League
Become a Host
Pub Owners
SporcleCon
Opinionation
Our Games
Videos
Blog
Mobile Apps
Partnerships
Remove Ads and Go Orange
Feedback
Geography
Country
Landmarks
City
State
Population
World
Capital
Continent
Flags
Europe
Africa
Asia
South America
North America
Oceania
Border
Canada
United Kingdom
Topography
United States
Geography
Country
Landmarks
City
State
Population
World
Capital
Continent
Flags
Europe
Africa
Asia
South America
North America
Oceania
Border
Canada
United Kingdom
Topography
United States
Random Quiz
Search Sporcle
×
Quiz Lab
Quiz Lab
Geography
Country
Type in answers that appear in a list
Type in answers that appear in a list
Classic
Best Score? Go Orange.
ABC Geography Stats
Can you name the countries that begin with the letters a, b and c?
By
kellkris
10m
44 Questions
421 Plays
421 Plays
421 Plays
Comments
Comments
Give Quiz Kudos
Give Quiz Kudos
-
- Ratings
hide this ad
Replay
Link that replays current quiz
Next Quiz
Link to next quiz in quiz playlist
You Got
0%
They Got
Avg Score
83%
Avg Friend Score
Upgrade to see
Score Distribution
Jump to the score distribution portion of the page
Score
0/44
Timer
10:00
0
Plays Today
% Correct
Australia
93.6%
Austria
91.7%
Algeria
91%
Canada
90.5%
Argentina
90.2%
Brazil
90%
China
90%
Chile
89.8%
Albania
89.5%
Angola
89.5%
Armenia
88.8%
Afghanistan
88.6%
Azerbaijan
87.4%
Belgium
87.4%
Bolivia
87.1%
Andorra
86.9%
Colombia
86.7%
Cameroon
86%
Bahrain
85.7%
Bahamas
85%
Belize
84.8%
Cambodia
84%
% Correct
Czechia
83.8%
Antigua and Barbuda
83.1%
Botswana
83.1%
Costa Rica
83.1%
Chad
82.4%
Bangladesh
81.7%
Bhutan
81.4%
Barbados
81.2%
Croatia
81.2%
Cyprus
80%
Benin
79.5%
Comoros
79.5%
Belarus
78.8%
Bulgaria
78.6%
Cuba
77.6%
Burundi
77.4%
Brunei
76.4%
Central African Republic
73.8%
Bosnia and Herzegovina
73.1%
Burkina Faso
70.5%
Cote d'Ivoire
66.2%
Cabo Verde
64.4%
Quiz Playlist
Details
Report
Send in Message
Add To Playlist
Classic:
Type in answers that appear in a list
Last Updated: Sep 12, 2018
Quiz Scoreboard
CHALLENGE
Sign Up to Join the Scoreboard
Show All
Scores
Hide
Comments
May contain spoilers
Recently Published
5x2 Blitz: Bands
by SL_Kpop136
Music
30s
Colored Red Africa Blitz
by spor1
Geography
30s
Find the 'City' Movie
by crazypaving
Movies
60s
More to Explore
Quiz From the Vault
Featured Blog Post
14 Easter Pick-up Lines to Find Eggs With
hide this ad
You Might Also Like...
Tags
Country Quiz
Letter Quiz
ABC
Today's Top Quizzes in Geography
Browse Geography
hide this ad
Today's Top Quizzes in Country
Browse Country
Top Contributed Quizzes in Geography
1
Countries of the World - No Outlines Minefield
2
Colored Red Europe Blitz I
3
Colored Red Africa Blitz II
4
Colored Red Europe Blitz II
5
Colored Red Africa Blitz III
6
Colored Red Europe Blitz III
7
Colored Red States Blitz I
8
African Flag Reveal XLVI
9
Colored Red States Blitz II
10
Colored Red States Blitz III
Explore More
Trending Topics
Disney
Harry Potter
Anime
Kpop
NBA
Marvel
Crossword
Pokémon
Country
NFL
Song
Puzzle
Soccer
WWE
The Office
hide this ad
More By:
kellkris
Quiz
Plays
Rating
Category
Featured
Created
Six Million Dollar Man Intro
8,857
4.47
Television
Jul 17, 2012
Word Ladder: Three Letter Biblical Names
4,604
4.58
Just For Fun
Jul 23, 2023
Word Ladder: Red Sox Manager
4,568
4.32
Just For Fun
Nov 13, 2021
Word Ladder: Cabaret's Emcee
4,425
4.27
Just For Fun
Nov 2, 2021
Missing Word: A-Z Names by Definition
3,463
4.67
Just For Fun
Feb 8, 2023
Go to Creator's Profile
Score Distribution
Quiz Creator Spotlight
kellkris
Follow
Send a Message
Quizzes Created
-
Created Quiz Play Count
-
More By This Creator
Popular Quizzes Today
1
Colored Red Africa Blitz
2
Find the 'City' Movie
3
Find the US States - No Outlines Minefield
4
5x2 Blitz: Bands
5
The Countries of the World
6
Find the US States
7
Find the Countries of Europe - No Outlines Minefield
8
US States
More Geography Quizzes
Borders a 'G' Country Minefield
Published
Trending Quizzes
Colored Red Europe Blitz I
Colored Red Europe Blitz II
Colored Red Africa Blitz II
Colored Red Europe Blitz III
Colored Red Africa Blitz III
Recently Updated
How Do You Spell That?
pecheneg
Godzilla Movies
pecheneg
Grab Bag: 4-10 Letters
pecheneg
2024 March Madness Bracket
pecheneg
Famous TV Couples
Peacemaker
Champions League XIs: Real Madrid
pecheneg
Largest US Cities 1790-2010
pecheneg
Rides in Walt Disney World
pecheneg
Most Oscar Losses (Acting)
pecheneg
Beyoncé Albums
pecheneg
Trending Topics
Kpop
Anime
Harry Potter
Marvel
Crossword
NBA
Disney
WWE
Country
Song
Puzzle
Pokémon
NFL
Soccer
The Office
Your Account Isn't Verified!
In order to create a playlist on Sporcle, you need to verify the email address you used during registration. Go to your
Sporcle Settings
to finish the process.
Report this User
Report this user for behavior that violates our
Community Guidelines
.
Details:
Send Report
Go to the Sporcle.com Mobile Site →
Comments